000 00550cam a22001694a 4500
020 _a0121339602 (acidfree paper)
050 0 0 _aT 385
_b.B75
100 1 _aBrinkmann, Ron.
245 1 4 _aThe art and science of digital compositing /
_cRon Brinkmann.
260 _aSan Diego :
_bMorgan Kaufmann,
_cc1999.
300 _a 364 p. :
500 _aIncludes index.
650 0 _xDigital techniques.
856 4 1 _uhttp://www.loc.gov/catdir/toc/els033/99060086.html
856 4 2 _uhttp://www.loc.gov/catdir/description/els033/99060086.html
942 _2lcc
_cGEN
999 _c5742
_d5742